| 000 | 00497cam a2200205 a 4500 | ||
|---|---|---|---|
| 005 | 20260322212038.0 | ||
| 008 | data | ||
| 010 | _a 98054891 | ||
| 020 | _a0670885754 (alk. paper) | ||
| 020 | _a9780670885756 (alk. paper) | ||
| 040 |
_aDLC _cDLC |
||
| 050 | 0 | 0 |
_aPS3557.O838 _bO54 1999 |
| 082 | 0 | 0 |
_a813/.54 _221 |
| 099 | _aGOUDGE | ||
| 100 | 1 | _aGoudge, Eileen. | |
| 245 | 1 | 0 |
_aOne last dance / _cEileen Goudge. |
| 260 |
_aNew York : _bViking, _c1999. |
||
| 300 |
_a384 p. ; _c24 cm. |
||
| 001 | data | ||
| 999 |
_c892 _d892 |
||